00417nam a2200169 a 450000100060000000300090000600800410001502000150005604000280007108200160009910000210011524500280013626000310016430000110019549000190020665000220022520041CO-ViMGA141112s2004 ck r 000 u spa d a9580461562 aCO-ViMGAbspacCO-ViMGA04a819.3 M154m1 aManguel, Alberto10aNoticias del extranjero aBogotá : bNorma, c2001 a227 p. aLa otra orilla14aNOVELA CANADIENSE